Poesía en movimiento : (Record no. 183087)

MARC details
000 -LEADER
campo de control de longitud fija 00983nam a2200241 i 4500
001 - NÚMERO DE CONTROL
campo de control 183087
003 - IDENTIFICADOR DE NÚMERO DE CONTROL
campo de control ES-MaACL
005 - FECHA Y HORA DE LA ÚLTIMA TRANSACCIÓN
campo de control 20250822053258.0
008 - DATOS DE LONGITUD FIJA--INFORMACIÓN GENERAL
campo de control de longitud fija 140115s1985 mx |||| | spa d
020 ## - NÚMERO INTERNACIONAL ESTÁNDAR DEL LIBRO
Número Internacional Estándar del Libro 968-29-0837-X
080 ## - NÚMERO DE LA CLASIFICACIÓN DECIMAL UNIVERSAL
Número de la Clasificación Decimal Universal 821.134.2(72)-14"19"(082.2)
245 00 - MENCIÓN DEL TÍTULO
Título Poesía en movimiento :
Resto del título México, 1915-1966 /
Mención de responsabilidad, etc. selección y notas de Octavio Paz ... [et al.] ; prólogo de Octavio Paz.
250 ## - MENCION DE EDICION
Mención de edición 1ª ed. en Lecturas Mexicanas.
260 ## - PUBLICACIÓN, DISTRIBUCIÓN, ETC.
Lugar de publicación, distribución, etc. México, D.F. :
Nombre del editor, distribuidor, etc. Siglo Veintiuno :
-- Dirección General de Publicaciones del Consejo Nacional para la Cultura y las Artes,
Fecha de publicación, distribución, etc. 1985.
300 ## - DESCRIPCIÓN FÍSICA
Extensión 2 v. ;
Dimensiones 21 cm.
490 1# - MENCIÓN DE SERIE
Mención de serie Lecturas mexicanas ;
Designación de volumen o secuencia 2ª ser., 4-5
504 ## - NOTA DE BIBLIOGRAFÍA, ETC.
Nota de bibliografía, etc. Referencias bibliográficas.
650 #4 - PUNTO DE ACCESO ADICIONAL DE MATERIA--TÉRMINO DE MATERIA
Término de materia o nombre geográfico como elemento de entrada Poesía mexicana-
Subdivisión cronológica S.XX
9 (RLIN) 16236
700 1# - ENTRADA AGREGADA--NOMBRE PERSONAL
Nombre de persona Paz, Octavio,
Fechas asociadas al nombre 1914-1998
9 (RLIN) 89753
830 10 - PUNTO DE ACCESO ADICIONAL DE SERIE-TÍTULO UNIFORME
Título uniforme Lecturas mexicanas
Designación de volumen o secuencia 2ª ser., 4-5
9 (RLIN) 224935
852 ## - LOCALIZACIÓN
Ubicación ES-MaACL
Número de control de estantería L-29912-13
Nota libre - Donat. Miguel A. Velasco
Holdings
Estatus retirado Estado de pérdida Estado de daño No para préstamo Biblioteca de origen Biblioteca actual Ubicación en estantería Fecha de adquisición Fuente de adquisición Total de préstamos Signatura topográfica completa Código de barras Visto por última vez Precio de reemplazo Tipo de ítem Koha
        Biblioteca del Ateneo de Madrid Biblioteca del Ateneo de Madrid Depósito 2 15/01/2014     L-29912-13 1192426 23/02/2023 23/02/2023 Libro impreso